| 000 | 01480ncm0a2200361 4500 | ||
|---|---|---|---|
| 001 | RU\NLR\ONIZ\209551 | ||
| 005 | 20250624195226.0 | ||
| 010 | _a978-5-222-22076-4 | ||
| 021 |
_aRU _b14-94н _914-5н |
||
| 035 | _aRU\NLR\ONIZ\GALA\5000021065\20150324124836 | ||
| 035 | _a(NLR Aleph) 010890383 | ||
| 090 |
_a10549611 _c10549611 |
||
| 100 | _a20150324d2014 |||y0rusy50 ca | ||
| 101 | 0 | _arus | |
| 102 | _aRU | ||
| 200 | 1 |
_aГитара - это просто _bНоты _eучеб. пособие для любителей _e[тексты с букв.-цифр. обозначением партии сопровожд.] _fавт.-сост. В. Разумовский |
|
| 205 | _a2-е изд. | ||
| 210 |
_aРостов-на-Дону _cФеникс _d2014 |
||
| 215 |
_a352 с. _d21 см |
||
| 225 | 1 | _aЛюбимые мелодии | |
| 606 | 1 |
_aГитара классическая _xУчебные пособия _yРоссия _z20-21 в. _2nlr_sh |
|
| 686 |
_aЩ956.419(2Р=Рус) _vLBC/SL _2rubbk |
||
| 700 | 1 |
_9z02790 _aРазумовский _bВ. А. _gВячеслав Александрович _4220 |
|
| 790 | 1 |
_9z02700 _aRazumovskij _bV. A. _gVyacheslav Aleksandrovich _4220 |
|
| 801 | 0 |
_aRU _bNLR _c20150324 _gPSBO |
|
| 801 | 1 |
_aRU _bNLR _c20150324 _2rusmarc |
|
| 801 | 2 |
_aRU _bNLR _c20190630 |
|
| 852 |
_aNLR _bМ _j2/4316 _pМОЭ 2014-5н/94н _t1 |
||
| 852 |
_aNLR _bМ _j2/4316а _pМОЭ 2014-5н/94на _t2 |
||
| 942 | _cSCORE | ||
| 980 | _aNB | ||
| 980 | _aONIZ | ||